000 00265nam a2200109Ia 4500
008 190912s9999||||xx |||||||||||||| ||und||
100 _aHilary J. Schmidt
245 4 _aThe Successful Medical Student
260 _aUSA
_bMcGraw-Hill
_c2016
300 _a152
942 _cBK
999 _c7362
_d7362